Strojové zariadenia pre TZB a základy elektrotechniky : Strojové zariadenia pre TZB /
Guardado en:
| Autor principal: | |
|---|---|
| Formato: | Libro |
| Lenguaje: | eslovaco |
| Publicado: |
Bratislava :
SVŠT v Bratislave,
1991
|
| Edición: | 2.vyd. |
| Etiquetas: |
Sin Etiquetas, Sea el primero en etiquetar este registro!
|
MARC
| LEADER | 00000nam a22000003a 4500 | ||
|---|---|---|---|
| 001 | stu26380 | ||
| 005 | 20150617225739.2 | ||
| 008 | 910527s1991----cs------------------slo-d | ||
| 020 | |a 80-227-0357-5 | ||
| 040 | |a STU |b slo | ||
| 041 | 0 | |a slo | |
| 044 | |a cs | ||
| 080 | |a 628 | ||
| 080 | |a 621.3(075.8) | ||
| 100 | 1 | |a Bielik, Rudolf |4 aut | |
| 245 | 1 | |a Strojové zariadenia pre TZB a základy elektrotechniky : |b Strojové zariadenia pre TZB / |c [aut]Bielik,Rudolf | |
| 250 | |a 2.vyd. | ||
| 260 | |a Bratislava : |b SVŠT v Bratislave, |c 1991 | ||
| 300 | |a 173 s | ||
| 996 | |b 284V023592 |c V*39927/O-16910 |l VVT |s A |a 24 |w stu26380_0001 | ||
| 996 | |b 284V029653 |c V*39928/O-16910a |l VVT |s A |a 24 |w stu26380_0002 | ||